000
00299nam a2200121Ia 4500
008
190216s9999||||xx |||||||||||||| ||und||
100
_a
Pandia M L And Yadav R P S
245
0
_a
Elements Of Nuclear Physics
260
_b
Kedernath Ramnath
_c
1985
300
_a
610p
650
_a
Physics
942
_c
BK
999
_c
32989
_d
32989